000 00693nam a2200205Ia 4500
003 OSt
005 20250305090624.0
008 210210b1973 xxu||||| |||| 00| 0 eng d
040 _cAL
041 _aKannada
082 _aK894.9 MUGP
100 _aMUGALI (Ram Shri).
_dಮುಗಳಿ(ರಂ ಶ್ರೀ)
_9203928
245 _aPrachina Kannada Sahitya Rupagalu
_bಪ್ರಾಚೀನ ಕನ್ನಡ ಸಾಹಿತ್ಯ ರೂಪಗಳು
260 _aMaisuru
_bUsha Sahitya Male
_c1973
300 _a279
650 _aChampu Kandavratta Ashtaka Vachana Ragale Shatpadi Tripadi Sangatya Gita
_9203929
690 _aKannada Criticism
_9203930
906 _aSG02527
942 _2ddc
_cBK
999 _c113448
_d113448